000 01237nam a2200313 a 4500
999 _c139429
_d139429
003 BLK
005 20240322135449.0
008 180409b bul|||||r ||||||| ||bul||
010 _aKNG00145473000
040 _aBLK
041 _aBUL
_cBUL
080 _aБългарска литература
_b821.163.2
_x-93-34
_z821.163.2-93-34
100 _aДойчев, Любомир
_qКолев, Любомир Дойчев
_d1909 - 1991
_gПисател, редактор, общественик. Роден в Русе
_9324475
139 _aДойчев, Любомир
_bД 71
245 1 0 _aГаргушка Черногушка
_bПриказка в стихове
_cЛюбомир Дойчев; рис. Николай Стоянов.
257 _aBGR
260 _bБълг. художник
_c1961
_aСофия
300 _a13 с.
_bс ил.
_c30 см
380 _aDX
500 _a50 100 тир.
700 1 _aСтоянов, Николай
_eрис.
_9365110
852 _aЦб ІІ 18054
856 4 _qpdf
856 4 _qpdf
942 _cKNG
_n0
_s1
944 _aCR
_c10.07.2013
_lКети Илиева
_k30550
944 _aED
_c28.09.2017
_l10.07.2013 - от С1,Р / 10.07.2013
_kКети_Илиева
999 _d139429